书目信息 |
| 书名: | Tea that burns | |
| 作者: | Bruce Edward Hall | |
| 分册号: | ||
| 分册名: | 出版地: | New York : |
|
| 出版社: | Free Press | |
| 出版时间: | c1998. | |
| 页数: | 294 p. : | |
| 开本: | 25 cm. | |
| 丛书名: | ||
| 中图分类号: | ||
| 科图分类号: | ||
| 其他分类号: | K712.9 | |
| 主题词: | ||
| 电子资源: | ||
| 000 | 01222nam 2200361 a 4500 | |
| 001 | E0734893359 | |
| 003 | OCoLC | |
| 005 | 20070514094615.60 | |
| 008 | uu | |
| 008 | 001 0aeng | |
| 010 | @a98006471 | |
| 020 | @a068483989X. | |
| 040 | @aDLC @cDLC | |
| 043 | @an-us-ny | |
| 049 | @aN5LA | |
| 050 | 00 | @aF128.68.C47 @bH35 1998 |
| 082 | 00 | @a974.7/1 @aB @221 |
| 090 | @a2-99/K712.9/H17///////1239703 | |
| 090 | @aK712.9 | |
| 096 | @aK712.9 @v3 | |
| 099 | @dK712.9@ex40 | |
| 100 | 1 | @aHall, Bruce Edward. |
| 245 | 10 | @aTea that burns / @cBruce Edward Hall |
| 260 | @aNew York :@bFree Press,@cc1998. | |
| 300 | @a294 p. :@bill., map ;@c25 cm. | |
| 504 | @aIncludes bibliographical references (p. [281]-290) and index.. | |
| 600 | 10 | @aHall, Bruce Edward @xChildhood and youth. |
| 650 | 0 | @aChinese Americans @zNew York (State) @zNew York @xBiography. @b00 @c20020930 @lNLC09 @h2254 @lNLC09 @h0027 @lNLC09 @h2023 |
| 651 | 0 | @aChinatown (New York, N.Y.) @xBiography. |
| 651 | 0 | @aNew York (N.Y.) @xBiography. |
| 651 | 0 | @aChinatown (New York, N.Y.) @xSocial life and customs. |
| 651 | 0 | @aNew York (N.Y.) @xSocial life and customs. |
| 852 | 9 | @bWWJC @k2-99 @hK712.9 @iH17 |
| Tea that burns / / Bruce Edward Hall.-New York : : Free Press, , c1998. |
| 294 p. : : ill., map ; ; 25 cm. |
| Includes bibliographical references (p. [281]-290) and index.. |
| ISBN 068483989X. |
| ● |
| 相关链接 |
|
|
|
|
正题名:Tea that burns
索取号:K712.9/x40
 
预约/预借
| 序号 | 登录号 | 条形码 | 馆藏地/架位号 | 状态 | 备注 |
| 1 | 8751 | 300087518 | 第二样本阅览室/ [索取号:K712.9/x40] | 在馆 |